[Event "23. Memorial Kochana - B"]
[Site "Koszalin"]
[Date "2012.08.17"]
[Round "8.15"]
[White "Zimochocki, Roman"]
[Black "Dabrowski, Damian"]
[Result "0-1"]
[WhiteElo "1805"]
[BlackElo "1543"]
[PlyCount "74"]
[EventDate "2012.??.??"]

1. d4 d5 2. Nf3 Nc6 3. Bf4 Bf5 4. c3 Nf6 5. e3 e6 6. Nbd2 a6 7. Be2 Bd6 8. Bg5
h6 9. Bh4 g5 10. Bg3 Qe7 11. O-O O-O-O 12. b4 Ne4 13. Nxe4 Bxe4 14. b5 axb5 15.
Bxb5 Bxf3 16. Qxf3 Na7 17. Qe2 c6 18. Bd3 f5 19. Bxd6 Qxd6 20. Rab1 Rd7 21. Rb3
Rhh7 22. Rfb1 Kd8 23. a4 Ke8 24. a5 g4 25. a6 b5 26. R3b2 Qa3 27. Qc2 Qxa6 28.
Ra2 Qc8 29. Rba1 Qd8 30. Ra6 Rc7 31. Qa2 Nc8 32. Qb2 h5 33. Bxb5 cxb5 34. Rxe6+
Rce7 35. Rf6 Nd6 36. Ra6 Rd7 37. Qa3 Qxf6 0-1

[Event "23. Memorial Kochana - B"]
[Site "Koszalin"]
[Date "2012.08.17"]
[Round "8.18"]
[White "Leszczewska, Edyta"]
[Black "Belczewski, Jacek"]
[Result "0-1"]
[WhiteElo "1398"]
[BlackElo "1498"]
[PlyCount "94"]
[EventDate "2012.??.??"]

1. e4 e6 2. d4 d5 3. exd5 exd5 4. Nf3 Bd6 5. Nc3 c6 6. Be3 Ne7 7. Bd3 Bf5 8.
Bxf5 Nxf5 9. O-O O-O 10. Qd3 Nh4 11. Ng5 Ng6 12. f4 Be7 13. Nxh7 Kxh7 14. f5
Nd7 15. fxg6+ fxg6 16. Rxf8 Nxf8 17. Rf1 Kg8 18. Ne2 Bg5 19. Rf3 Bxe3+ 20. Qxe3
Qe8 21. Qf2 Qe7 22. Re3 Qd8 23. Nf4 Qf6 24. Qg3 Qxd4 25. c3 Qb6 26. b3 Re8 27.
Kf2 Rxe3 28. Qxe3 Qxe3+ 29. Kxe3 Kf7 30. Kd4 Ne6+ 31. Ke5 Nxf4 32. Kxf4 Kf6 33.
h4 b6 34. g4 a6 35. a3 c5 36. a4 b5 37. a5 b4 38. cxb4 cxb4 39. Kf3 Ke5 40. Ke3
d4+ 41. Kd3 Kd5 42. g5 Ke5 43. Kc4 Ke4 44. Kxb4 d3 45. Kc3 Ke3 46. Kb2 d2 47.
Kc2 Ke2 0-1

[Event "23. Memorial Kochana"]
[Site "Koszalin"]
[Date "2012.08.18"]
[Round "9.1"]
[White "Watorek, Marcin"]
[Black "Shishkin, Vadim"]
[Result "0-1"]
[WhiteElo "2154"]
[BlackElo "2485"]
[PlyCount "88"]
[EventDate "2012.??.??"]

1. d4 Nf6 2. Nf3 g6 3. c4 Bg7 4. Nc3 d5 5. Qb3 dxc4 6. Qxc4 O-O 7. e4 c6 8. Be2
b5 9. Qb3 a5 10. e5 a4 11. Qd1 Nd5 12. O-O Qb6 13. Nxd5 cxd5 14. Bg5 Nc6 15.
Rc1 h6 16. Be3 e6 17. Rc5 Ba6 18. Qc2 Rfc8 19. Rc1 b4 20. Bxa6 Rxa6 21. Qd2 Kh7
22. b3 axb3 23. axb3 Bf8 24. R5c2 Raa8 25. h4 h5 26. Ng5+ Kg8 27. f3 Ne7 28. g4
Rxc2 29. Qxc2 Rc8 30. Qd3 Rxc1+ 31. Bxc1 Nc6 32. Be3 hxg4 33. fxg4 Bh6 34. Nf3
Bxe3+ 35. Qxe3 Qa7 36. h5 Qa1+ 37. Kf2 Qb1 38. hxg6 Qxg6 39. Kg3 Kg7 40. Qc1
Ne7 41. Qc5 Nf5+ 42. Kh3 Ne3 43. Nh2 Qe4 44. Kh4 Qg2 0-1

[Event "23. Memorial Kochana"]
[Site "Koszalin"]
[Date "2012.08.18"]
[Round "9.2"]
[White "Malaniuk, Vladimir P"]
[Black "Mielczarski, Miroslaw"]
[Result "1-0"]
[WhiteElo "2523"]
[BlackElo "2238"]
[PlyCount "73"]
[EventDate "2012.??.??"]

1. d4 d5 2. c4 c6 3. Nf3 Nf6 4. e3 e6 5. Bd3 Nbd7 6. b3 Bb4+ 7. Bd2 Qe7 8. Bxb4
Qxb4+ 9. Qd2 Qxd2+ 10. Nbxd2 b6 11. e4 dxe4 12. Nxe4 Nxe4 13. Bxe4 Bb7 14.
O-O-O Nf6 15. Bc2 c5 16. Ne5 O-O 17. dxc5 bxc5 18. f3 Rfd8 19. Kb2 Kf8 20. Ka3
Ke7 21. Ka4 Rdc8 22. Rd2 Rd8 23. Rhd1 Rxd2 24. Rxd2 Rc8 25. a3 Rc7 26. b4 g6
27. Kb5 cxb4 28. axb4 Ne8 29. c5 Bd5 30. Ka5 f6 31. Ng4 Rb7 32. Ba4 Nc7 33. Ne3
Rb8 34. Nxd5+ Nxd5 35. Bc6 Rd8 36. Bxd5 exd5 37. Ka6 1-0

[Event "23. Memorial Kochana"]
[Site "Koszalin"]
[Date "2012.08.18"]
[Round "9.3"]
[White "Ovsejevitsch, Sergei"]
[Black "Adamowicz, Maciej"]
[Result "1-0"]
[WhiteElo "2561"]
[BlackElo "1969"]
[PlyCount "83"]
[EventDate "2012.??.??"]

1. d4 g6 2. e4 Bg7 3. Nf3 c5 4. d5 d6 5. Nc3 a6 6. a4 Nf6 7. Be2 O-O 8. Bf4
Nbd7 9. O-O Rb8 10. Nd2 Ne8 11. a5 b5 12. axb6 Qxb6 13. Nc4 Qc7 14. Qd2 Ne5 15.
b3 Nxc4 16. Bxc4 Qb6 17. Bh6 Nc7 18. Bxg7 Kxg7 19. f4 f5 20. Rae1 Rf7 21. exf5
Bxf5 22. h3 h5 23. Ne4 Re8 24. Ng5 Rf6 25. Re3 e6 26. Qe2 h4 27. Kh2 Nb5 28.
Bxb5 axb5 29. Qe1 Qb7 30. dxe6 Bxc2 31. Qxh4 Kg8 32. Nf7 Rxf7 33. exf7+ Qxf7
34. Rxe8+ Qxe8 35. Re1 Be4 36. Qf6 d5 37. Ra1 Qb8 38. Ra6 Qf8 39. Qe6+ Kh8 40.
Qe5+ Qg7 41. Ra8+ Kh7 42. Qg5 1-0

[Event "23. Memorial Kochana"]
[Site "Koszalin"]
[Date "2012.08.18"]
[Round "9.4"]
[White "Weichhold, Pawel"]
[Black "Tiba, Vladyslav"]
[Result "0-1"]
[WhiteElo "2365"]
[BlackElo "2192"]
[PlyCount "72"]
[EventDate "2012.??.??"]

1. e4 c5 2. Nf3 d6 3. d4 cxd4 4. Nxd4 Nf6 5. Nc3 g6 6. g3 Bg7 7. Bg2 O-O 8. O-O
Bg4 9. Nde2 Nc6 10. h3 Bd7 11. Nd5 Rc8 12. c3 Ne5 13. Nd4 b5 14. Re1 Nxd5 15.
exd5 Re8 16. Kh2 Nc4 17. a3 Na5 18. h4 Bxd4 19. Qxd4 Nb3 20. Qd1 Nxa1 21. Be3
a5 22. Qxa1 e5 23. dxe6 fxe6 24. Qd1 Bc6 25. Bh3 Bd5 26. h5 Qf6 27. Bd4 Qf7 28.
hxg6 hxg6 29. f4 Rcd8 30. Qc2 e5 31. fxe5 dxe5 32. Bc5 Bc4 33. Qc1 Kg7 34. Kg1
Rd3 35. Re3 Red8 36. Rxd3 Rxd3 0-1

[Event "23. Memorial Kochana"]
[Site "Koszalin"]
[Date "2012.08.18"]
[Round "9.5"]
[White "Sieciechowicz, Marcin"]
[Black "Sokolowski, Ryszard"]
[Result "1-0"]
[WhiteElo "2441"]
[BlackElo "2132"]
[PlyCount "61"]
[EventDate "2012.??.??"]

1. d4 d6 2. e4 Nf6 3. Nc3 e5 4. Nf3 Nbd7 5. Bc4 Be7 6. O-O O-O 7. a4 c6 8. Re1
b6 9. Ba2 a6 10. dxe5 dxe5 11. h3 Qc7 12. Nh4 Nc5 13. Qf3 Be6 14. Nf5 Bxa2 15.
Rxa2 Ne6 16. Be3 Rab8 17. Qg3 Bd8 18. Raa1 Kh8 19. Rad1 Ne8 20. h4 g6 21. Nh6
N8g7 22. Rd2 Be7 23. Red1 Rbd8 24. a5 Rxd2 25. Rxd2 bxa5 26. Na4 Nh5 27. Qg4
Nf6 28. Nxf7+ Rxf7 29. Qxe6 Kg8 30. Bb6 Qb8 31. Qxc6 1-0

[Event "23. Memorial Kochana"]
[Site "Koszalin"]
[Date "2012.08.18"]
[Round "9.6"]
[White "Adamowicz, Katarzyna"]
[Black "Jacek, Krystian"]
[Result "1-0"]
[WhiteElo "2114"]
[BlackElo "2071"]
[PlyCount "79"]
[EventDate "2012.??.??"]

1. e4 c5 2. Nf3 e6 3. d4 cxd4 4. Nxd4 Nc6 5. Nc3 Qc7 6. Be2 a6 7. Be3 Nf6 8. f4
Bb4 9. Bf3 e5 10. Nxc6 Qxc6 11. O-O d6 12. Nd5 Bc5 13. Bxc5 Qxc5+ 14. Kh1 Nxd5
15. exd5 O-O 16. fxe5 dxe5 17. Qe2 Qd6 18. c4 Bd7 19. Rac1 Rac8 20. Qe3 b6 21.
Rc3 f5 22. Rfc1 e4 23. Be2 Kh8 24. Qd4 Qh6 25. Rf1 Qd6 26. Rfc1 Qh6 27. b4 Rce8
28. c5 bxc5 29. bxc5 Bb5 30. Bxb5 axb5 31. d6 Rd8 32. Rd1 Rf6 33. d7 Qf4 34. c6
Qc7 35. Qc5 b4 36. Qxb4 Rh6 37. h3 e3 38. Qe7 Rf6 39. Qxd8+ Qxd8 40. c7 1-0

[Event "23. Memorial Kochana"]
[Site "Koszalin"]
[Date "2012.08.18"]
[Round "9.7"]
[White "Kudas, Damian"]
[Black "Rawicz, Karol"]
[Result "1/2-1/2"]
[WhiteElo "2098"]
[BlackElo "2261"]
[PlyCount "28"]
[EventDate "2012.??.??"]

1. d4 Nf6 2. Nf3 e6 3. c4 d5 4. Nc3 Nbd7 5. Bg5 Bb4 6. Qc2 c5 7. cxd5 exd5 8.
e3 Qa5 9. Bd3 c4 10. Bf5 O-O 11. O-O g6 12. Bh3 Kg7 13. Ne5 Re8 14. f4 h6
1/2-1/2

[Event "23. Memorial Kochana - B"]
[Site "Koszalin"]
[Date "2012.08.18"]
[Round "9.1"]
[White "Kiolbasa, Damian"]
[Black "Bartoszewicz, Marcin"]
[Result "1/2-1/2"]
[WhiteElo "1826"]
[BlackElo "1908"]
[PlyCount "119"]
[EventDate "2012.??.??"]

1. d4 Nf6 2. c4 g6 3. Nc3 Bg7 4. e4 O-O 5. Be2 d6 6. Bg5 Nbd7 7. Qd2 c6 8. f3
a6 9. Nh3 b5 10. Nf2 e5 11. d5 b4 12. Ncd1 c5 13. g4 Ra7 14. h4 Re8 15. h5 Nf8
16. Bh6 Qe7 17. Bxg7 Kxg7 18. Ne3 Ng8 19. hxg6 fxg6 20. Kf1 a5 21. Kg2 h6 22.
Rh2 Nh7 23. Rah1 Kf8 24. Nf1 Qg5 25. Qe1 Rf7 26. Nh3 Qf6 27. Qd2 Ke7 28. Ne3
Kd8 29. Kf1 Ng5 30. Nxg5 Qxg5 31. Ke1 Bd7 32. Kd1 Kc7 33. Ng2 Qxd2+ 34. Kxd2
Ref8 35. Ke3 g5 36. Kd3 Kb6 37. Ne3 Rf6 38. Nf5 Bxf5 39. exf5 a4 40. Bd1 Ka5
41. Rh5 Re8 42. Ke4 Re7 43. Be2 Rb7 44. Bd3 Re7 45. R5h2 Kb6 46. Ke3 Re8 47.
Be4 Ka5 48. Kd3 Re7 49. Kd2 Kb6 50. Bc2 Ka5 51. Kd3 Rg7 52. Bd1 Re7 53. Ke4 Rg7
54. b3 a3 55. Re2 Kb6 56. Rh5 Kc7 57. Reh2 Kd7 58. Ke3 Re7 59. Bc2 Ke8 60. Be4
1/2-1/2

[Event "23. Memorial Kochana - B"]
[Site "Koszalin"]
[Date "2012.08.18"]
[Round "9.2"]
[White "Tarczykowski, Janusz"]
[Black "Pilat, Wieslaw"]
[Result "1-0"]
[WhiteElo "1988"]
[BlackElo "1899"]
[PlyCount "86"]
[EventDate "2012.??.??"]

1. d4 e6 2. c4 Nf6 3. Nc3 b6 4. e4 Bb7 5. Bd3 Bb4 6. Qc2 Na6 7. Nge2 Be7 8. a3
c5 9. d5 d6 10. O-O e5 11. Ng3 g6 12. f4 Nd7 13. f5 g5 14. f6 Nxf6 15. Bxg5 Rg8
16. Bxf6 Bxf6 17. Qf2 Rg6 18. Nh5 Be7 19. Qxf7+ Kd7 20. Qxh7 Qg8 21. Rf7 Qxh7
22. Rxh7 Rf8 23. Rf1 Rxf1+ 24. Bxf1 Nc7 25. Ng7 Kd8 26. Nf5 Bf8 27. Nb5 Nxb5
28. Rxb7 Nd4 29. Rb8+ Kc7 30. Rxf8 Nf3+ 31. Kh1 Nd2 32. Bd3 b5 33. cxb5 c4 34.
Bc2 Kb6 35. Rb8+ Kc7 36. Rc8+ Kb6 37. Rc6+ Kxb5 38. Nxd6+ Rxd6 39. Rxd6 Kc5 40.
Rc6+ Kd4 41. d6 Nf1 42. d7 Ke3 43. d8=Q a5 1-0

[Event "23. Memorial Kochana - B"]
[Site "Koszalin"]
[Date "2012.08.18"]
[Round "9.3"]
[White "Malaczek, Mateusz"]
[Black "Karwowski, Kacper"]
[Result "1/2-1/2"]
[WhiteElo "1822"]
[BlackElo "1864"]
[PlyCount "166"]
[EventDate "2012.??.??"]

1. e4 c5 2. Nf3 e6 3. d4 cxd4 4. Nxd4 Nc6 5. Nb5 d6 6. c4 a6 7. N5a3 Nf6 8. Nc3
Be7 9. Be2 O-O 10. O-O Qc7 11. Be3 Bd7 12. Qd2 Ne5 13. h3 Bc6 14. f4 Ned7 15.
Bf3 b6 16. Rfe1 Qb7 17. Nd5 Bd8 18. Bf2 Nc5 19. e5 dxe5 20. Nxf6+ Bxf6 21. fxe5
Be7 22. Bxc6 Qxc6 23. Qe2 Rac8 24. Nc2 Rfd8 25. Rad1 Rxd1 26. Rxd1 Na4 27. Ne3
Qe4 28. Qd2 Qxe5 29. Qd7 Qc7 30. Qxa4 Bc5 31. Qd7 Qb8 32. b3 Rf8 33. Ng4 Bb4
34. Qd4 Bc5 35. Qd2 Be7 36. Qe3 h5 37. Ne5 Rd8 38. Rxd8+ Qxd8 39. Qd3 Qc7 40.
Nd7 Bd6 41. Nxb6 Bc5 42. Nd7 Bxf2+ 43. Kxf2 Qf4+ 44. Kg1 Qc1+ 45. Kh2 Qf4+ 46.
g3 Qf2+ 47. Kh1 e5 48. c5 Qe1+ 49. Kg2 e4 50. Qc2 e3 51. Kf3 g5 52. Nf6+ Kg7
53. Nxh5+ Kh6 54. Qe2 Qh1+ 55. Kxe3 Qxh3 56. Kd2 Qf5 57. b4 Qb1 58. Kc3 Qc1+
59. Kb3 a5 60. bxa5 Qxc5 61. Nf6 Qxa5 62. Ng4+ Kh7 63. Ne5 Qb6+ 64. Kc3 Qa5+
65. Kd4 Kg7 66. Nc4 Qd8+ 67. Kc3 f6 68. a4 Qc7 69. Qe3 Qc6 70. a5 Qa4 71. Qe7+
Kg6 72. Qa3 Qd1 73. a6 Qe1+ 74. Kd4 Qg1+ 75. Kd5 Qa7 76. Nd6 f5 77. Nb5 Qf7+
78. Kc6 Qe8+ 79. Kb6 Qb8+ 80. Ka5 Qd8+ 81. Ka4 Qd1+ 82. Qb3 Qa1+ 83. Kb4 Qxa6
1/2-1/2

[Event "23. Memorial Kochana - B"]
[Site "Koszalin"]
[Date "2012.08.18"]
[Round "9.4"]
[White "Czernicki, Bogdan"]
[Black "Kowalski, Maciej"]
[Result "0-1"]
[WhiteElo "1850"]
[BlackElo "1851"]
[PlyCount "66"]
[EventDate "2012.??.??"]

1. d4 Nf6 2. Bg5 Ne4 3. Bf4 d5 4. f3 Nf6 5. e3 c5 6. c3 Nc6 7. Bd3 Qb6 8. Qc1
g6 9. Ne2 Bg7 10. a3 Nd7 11. O-O O-O 12. Kh1 e5 13. dxe5 Ndxe5 14. Bxe5 Nxe5
15. Rd1 Nxd3 16. Rxd3 Rd8 17. Rd1 Qc6 18. Nd2 b6 19. Nf1 Ba6 20. Qc2 Re8 21.
Neg3 h5 22. e4 dxe4 23. Nxe4 f5 24. Rd6 Qc7 25. Rxg6 fxe4 26. fxe4 Qf7 27. Rg3
Bxf1 28. Rf3 Qg6 29. Raxf1 Qxe4 30. Qb3+ Qe6 31. Qa4 Rf8 32. Qh4 Qe2 33. R3f2
Qxf1+ 0-1

[Event "23. Memorial Kochana - B"]
[Site "Koszalin"]
[Date "2012.08.18"]
[Round "9.9"]
[White "Koszowski, Krystian"]
[Black "Osinski, Kamil"]
[Result "0-1"]
[WhiteElo "1677"]
[BlackElo "1713"]
[PlyCount "76"]
[EventDate "2012.??.??"]

1. e4 c5 2. Nf3 e6 3. d4 cxd4 4. Nxd4 Nf6 5. Bd3 Nc6 6. Nb3 d5 7. exd5 Nxd5 8.
c3 Be7 9. O-O O-O 10. Be4 f5 11. Bxd5 exd5 12. Re1 f4 13. Qf3 Qd6 14. Rd1 Be6
15. Nd4 Ne5 16. Qe2 f3 17. Qe3 Rf6 18. h3 Nc4 19. Qd3 fxg2 20. Bg5 Nxb2 21. Qe2
Nxd1 22. Bxf6 Bxf6 23. Qxe6+ Qxe6 24. Nxe6 Re8 25. Na3 Nxc3 26. Nc7 Rc8 27.
Nxd5 Nxd5 28. Rb1 Nf4 29. Nb5 Rc1+ 30. Rxc1 Ne2+ 31. Kxg2 Nxc1 32. a4 a6 33.
Nd6 b6 34. Kf3 Bd4 35. Kg2 Bc5 36. Ne4 Nd3 37. Kf3 Bb4 38. Ke3 Nc5 0-1

[Event "23. Memorial Kochana - B"]
[Site "Koszalin"]
[Date "2012.08.18"]
[Round "9.10"]
[White "Dabrowski, Damian"]
[Black "Bregoszewski, Leon"]
[Result "1-0"]
[WhiteElo "1543"]
[BlackElo "1685"]
[PlyCount "81"]
[EventDate "2012.??.??"]

1. e4 c5 2. Nf3 Nc6 3. d4 cxd4 4. Nxd4 e6 5. Nc3 a6 6. Be3 Be7 7. Bc4 b5 8. Bd3
Bb7 9. f4 Bb4 10. Qd2 Qa5 11. Nb3 Qc7 12. g4 Nge7 13. a3 Bxc3 14. Qxc3 O-O 15.
h4 d5 16. h5 e5 17. fxe5 Qxe5 18. Qxe5 Nxe5 19. Bc5 Rfe8 20. exd5 Bxd5 21. Rh3
Nf3+ 22. Kf2 Ng5 23. Re3 Nc6 24. Rae1 Rxe3 25. Bxe3 Ne6 26. Nc5 Ne5 27. Be2 f6
28. Kg3 h6 29. Nxe6 Bxe6 30. Bf4 Bd5 31. Bxe5 fxe5 32. Bf3 Bxf3 33. Kxf3 Rc8
34. c3 Rc5 35. Ke4 Kf7 36. Kf5 Rc6 37. Rxe5 Rf6+ 38. Ke4 Rf2 39. Rf5+ Rxf5 40.
Kxf5 a5 41. b3 1-0

[Event "23. Memorial Kochana - B"]
[Site "Koszalin"]
[Date "2012.08.18"]
[Round "9.11"]
[White "Ziobrowska, Danuta"]
[Black "Szmidt, Przemyslaw"]
[Result "0-1"]
[WhiteElo "1621"]
[BlackElo "1936"]
[PlyCount "82"]
[EventDate "2012.??.??"]

1. d4 d5 2. c4 e6 3. Nc3 c5 4. cxd5 cxd4 5. Qxd4 Nc6 6. Qa4 exd5 7. Nf3 Nf6 8.
e3 Be7 9. Be2 O-O 10. O-O Bf5 11. a3 Qa5 12. Bd2 Qxa4 13. Nxa4 Ne4 14. Nc3 Nxd2
15. Nxd2 d4 16. exd4 Nxd4 17. Bf3 Rfd8 18. b4 Bf6 19. Rac1 Bg5 20. Rcd1 Bxd2
21. Ne4 Nxf3+ 22. gxf3 Bxe4 23. fxe4 Bf4 24. Rd5 Rxd5 25. exd5 Rd8 26. Rd1 Kf8
27. Kg2 Ke7 28. Kf3 g5 29. h4 h6 30. hxg5 hxg5 31. Ke4 Kd6 32. Rd3 Re8+ 33. Kf5
Re5+ 34. Kf6 Rxd5 35. Rb3 Rd2 36. f3 Re2 37. Kxf7 Re3 38. Rxe3 Bxe3 39. Kf6 Kd5
40. a4 Kc4 41. b5 Kb4 0-1

[Event "23. Memorial Kochana - B"]
[Site "Koszalin"]
[Date "2012.08.18"]
[Round "9.12"]
[White "Mucha, Krzysztof"]
[Black "Dura, Damian"]
[Result "0-1"]
[WhiteElo "1890"]
[BlackElo "1617"]
[PlyCount "54"]
[EventDate "2012.??.??"]

1. d4 d5 2. c4 e6 3. Nf3 c5 4. Nc3 Nc6 5. cxd5 exd5 6. e3 Be6 7. a3 a6 8. dxc5
Bxc5 9. b4 Bd6 10. Be2 Nge7 11. Bb2 O-O 12. b5 Na5 13. Nd4 Be5 14. Na4 Nc4 15.
Bxc4 dxc4 16. Nxe6 Qa5+ 17. Kf1 Bxb2 18. Nxb2 fxe6 19. Nxc4 Qxb5 20. Qe2 Rac8
21. Nd2 Qb2 22. Rb1 Rc1+ 23. Rxc1 Qxc1+ 24. Qe1 Qxa3 25. f3 Rd8 26. Ne4 Qb2 27.
Ng3 Qc2 0-1

[Event "23. Memorial Kochana - B"]
[Site "Koszalin"]
[Date "2012.08.18"]
[Round "9.13"]
[White "Belczewski, Jacek"]
[Black "Dura, Rafal"]
[Result "1-0"]
[WhiteElo "1498"]
[BlackElo "1563"]
[PlyCount "93"]
[EventDate "2012.??.??"]

1. d4 d5 2. f4 Nf6 3. Nf3 Bf5 4. e3 e6 5. Bd3 Ne4 6. O-O Nd7 7. Ne5 a6 8. Nd2
Ndf6 9. Ndf3 c5 10. c3 c4 11. Bc2 Ng4 12. Nxg4 Bxg4 13. h3 Bh5 14. Qe1 Bg6 15.
Ne5 Nd6 16. Nxg6 hxg6 17. e4 dxe4 18. Bxe4 Nxe4 19. Qxe4 Qd5 20. Qxd5 exd5 21.
Re1+ Kd7 22. Bd2 Bd6 23. Kf2 Rae8 24. Kf3 Rxe1 25. Rxe1 Re8 26. Rxe8 Kxe8 27.
Kg4 b5 28. f5 gxf5+ 29. Kxf5 Kd7 30. g4 Be7 31. Ke5 Kc6 32. a3 a5 33. g5 Bd6+
34. Kf5 Bg3 35. g6 fxg6+ 36. Kxg6 Kd6 37. Kxg7 Ke6 38. Kg6 Bf2 39. Kg5 a4 40.
h4 Bxh4+ 41. Kxh4 Kf5 42. Bh6 Ke4 43. Bf8 Kf4 44. Kh5 Kf5 45. Bd6 Kf6 46. Kg4
Kg6 47. Be5 1-0

[Event "23. Memorial Kochana - B"]
[Site "Koszalin"]
[Date "2012.08.18"]
[Round "9.15"]
[White "Wasilewski, Leszek"]
[Black "Los, Kazimierz"]
[Result "0-1"]
[WhiteElo "1353"]
[BlackElo "1356"]
[PlyCount "77"]
[EventDate "2012.??.??"]

1. d4 c6 2. c4 d5 3. Nc3 e6 4. Nf3 Nf6 5. Bg5 Be7 6. e3 O-O 7. cxd5 exd5 8. Bd3
Nbd7 9. Qc2 Re8 10. O-O h6 11. Bf4 Nf8 12. Rae1 Bd6 13. Be5 Ng4 14. Bg3 Bxg3
15. hxg3 Ne6 16. Nh4 Ng5 17. Ne2 Nf6 18. Nf4 Nge4 19. Nf3 Ng4 20. Bxe4 dxe4 21.
Nd2 g5 22. Nh3 Qd5 23. a3 Bf5 24. Nb1 Nf6 25. Kh1 Bg4 26. Nd2 Qd7 27. Ng1 Bf5
28. Qd1 Qc7 29. Qc1 Be6 30. Qc3 Nd5 31. Qc2 f5 32. f3 Qxg3 33. Nxe4 Qh4+ 34.
Nh3 fxe4 35. fxe4 Bxh3 36. exd5 Bf5+ 37. Kg1 Bxc2 38. dxc6 bxc6 39. Rf6 0-1

[Event "23. Memorial Kochana - B"]
[Site "Koszalin"]
[Date "2012.08.18"]
[Round "9.16"]
[White "Lisinski, Henryk"]
[Black "Czarnolewski, Piotr"]
[Result "1/2-1/2"]
[WhiteElo "1976"]
[BlackElo "1795"]
[PlyCount "74"]
[EventDate "2012.??.??"]

1. d4 Nf6 2. Nf3 c5 3. e3 d6 4. c4 g6 5. Nc3 cxd4 6. exd4 Bg7 7. Be2 O-O 8. O-O
Nbd7 9. d5 Nc5 10. h3 a6 11. Be3 Qc7 12. Bd4 e5 13. dxe6 Nxe6 14. Be3 Bd7 15.
Rc1 Bc6 16. Nd5 Qa5 17. b4 Qd8 18. a4 Nd7 19. a5 Kh8 20. Nb6 Nxb6 21. Bxb6 Qd7
22. Nd4 Nxd4 23. Bxd4 Rae8 24. Bxg7+ Kxg7 25. Bf3 Qe6 26. b5 Bxf3 27. Qxf3 Qe4
28. Qa3 Qe5 29. bxa6 bxa6 30. Rfd1 Re6 31. Rd5 Qf6 32. Rcd1 Rc8 33. Rxd6 Rxc4
34. Rxe6 Qxe6 35. Qb2+ Kh6 36. Qd2+ Kg7 37. Qb2+ Kh6 1/2-1/2

[Event "23. Memorial Kochana - B"]
[Site "Koszalin"]
[Date "2012.08.18"]
[Round "9.19"]
[White "Zimochocki, Roman"]
[Black "Popiolek, Henryk"]
[Result "1-0"]
[WhiteElo "1805"]
[BlackElo "1385"]
[PlyCount "57"]
[EventDate "2012.??.??"]

1. d4 Nf6 2. Nf3 e6 3. Bf4 Bb4+ 4. c3 Be7 5. Nbd2 d5 6. e3 a6 7. a4 Nbd7 8. Bd3
O-O 9. O-O c5 10. Re1 b6 11. e4 dxe4 12. Nxe4 Bb7 13. Qe2 h6 14. Rad1 Nxe4 15.
Bxe4 Bxe4 16. Qxe4 Nf6 17. Qb7 Nd5 18. dxc5 bxc5 19. c4 Qb6 20. Qxb6 Nxb6 21.
b3 Ra7 22. Ne5 Rc8 23. a5 Na8 24. g3 Kf8 25. Rd7 Rxd7 26. Nxd7+ Ke8 27. Nb6
Nxb6 28. axb6 Rc6 29. b7 1-0